[Event "Chigorin Memorial 2018"]
[Site "St. Petersburg"]
[Date "2018.11.03"]
[Round "8"]
[White "Gagare, Shardul"]
[Black "Ivanisevic, Ivan"]
[Result "1/2-1/2"]
[WhiteElo "2501"]
[BlackElo "2583"]
[Annotator "TA"]
[PlyCount "79"]
[EventDate "2018.10.27"]
[EventType "swiss"]
[EventCountry "RUS"]
[SourceTitle "playchess.com"]
[Source "ChessBase"]
[SourceQuality "1"]

1. Nf3 c5 2. c4 Nc6 3. g3 g6 4. Bg2 Bg7 5. O-O d6 6. Nc3 h5 7. e3 Nh6 8. d4 Bg4 9. dxc5 dxc5 10. h3 Bd7 11. e4 Qc8 12. Nd5 h4 13. Bf4 Kf8 14. g4 Bxb2 15. Qd2 Bg7 16. Nc7 Bxg4 17. hxg4 h3 18. Bxh3 Nxg4 19. Bg2 e5 20. Nxa8 exf4 21. Qxf4 Nge5 22. Rad1 Nxf3+ 23. Bxf3 Be5 24. Qg4 Qxa8 25. Rfe1 Kg7 26. Rd5 Qb8 27. Kf1 Bd4 28. Bg2 Ne5 29. Qg3 b5 30. f4 Nxc4 31. e5 Qc8 32. e6 b4 33. Rd7 Nd2+ 34. Ke2 Qa6+ 35. Kxd2 Qxa2+ 36. Kd1 Qa1+ 37. Ke2 Qa6+ 38. Kd1 Qa1+ 39. Ke2 Qa6+ 40. Kd1 1/2-1/2

[Event "Chigorin Memorial 2018"]
[Site "St. Petersburg"]
[Date "2018.11.03"]
[Round "8"]
[White "Nikitenko, Mihail"]
[Black "Gareyev, Timur"]
[Result "*"]
[WhiteElo "2389"]
[BlackElo "2584"]
[Annotator "TA"]
[PlyCount "26"]
[EventDate "2018.10.27"]
[EventType "swiss"]
[EventCountry "RUS"]
[SourceTitle "playchess.com"]
[Source "ChessBase"]
[SourceQuality "1"]

1. c4 g6 2. g3 Bg7 3. Bg2 c5 4. Nc3 Nc6 5. Nf3 d6 6. d3 Nh6 7. h4 Bg4 8. Ng5 f6 9. Nge4 Nf7 10. h5 g5 11. f4 gxf4 12. gxf4 Rg8 13. Nf2 Bd7 *

[Event "Chigorin Memorial 2018"]
[Site "St. Petersburg"]
[Date "2018.11.03"]
[Round "8.1"]
[White "Alekseev, Evgeny"]
[Black "Goganov, Aleksey"]
[Result "1/2-1/2"]
[WhiteElo "2620"]
[BlackElo "2592"]
[Annotator "TA"]
[PlyCount "41"]
[EventDate "2018.10.27"]
[EventType "swiss"]
[EventCountry "RUS"]
[WhiteTeam "Russland"]
[BlackTeam "Russland"]
[WhiteTeamCountry "RUS"]
[BlackTeamCountry "RUS"]

1. e4 e6 2. d4 d5 3. Nc3 Bb4 4. exd5 exd5 5. Bd3 Nc6 6. Nge2 Nge7 7. O-O O-O 8. Ng3 Nxd4 9. Bxh7+ Kxh7 10. Qxd4 Bxc3 11. bxc3 Nf5 12. Qd3 Qd7 13. Re1 Kg8 14. Bf4 c6 15. Nxf5 Qxf5 16. Bd6 Qxd3 17. cxd3 Rd8 18. Bc7 Rf8 19. Bd6 Rd8 20. Bc7 Rf8 21. Bd6 1/2-1/2

[Event "Chigorin Memorial 2018"]
[Site "St. Petersburg"]
[Date "2018.11.03"]
[Round "8.3"]
[White "Alekseenko, Kirill"]
[Black "Timofeev, Artyom"]
[Result "1/2-1/2"]
[WhiteElo "2639"]
[BlackElo "2580"]
[Annotator "TA"]
[PlyCount "81"]
[EventDate "2018.10.27"]
[EventType "swiss"]
[EventCountry "RUS"]
[WhiteTeam "Russland"]
[BlackTeam "Russland"]
[WhiteTeamCountry "RUS"]
[BlackTeamCountry "RUS"]

1. e4 e5 2. Nf3 Nf6 3. Nxe5 d6 4. Nf3 Nxe4 5. Nc3 Nxc3 6. dxc3 Be7 7. Be3 Nc6 8. Qd2 Be6 9. O-O-O Qd7 10. a3 h6 11. Nd4 Nxd4 12. Bxd4 Rg8 13. Be2 a6 14. c4 O-O-O 15. Qc3 g6 16. b3 Bg4 17. f3 Be6 18. Rhe1 Rge8 19. Kb1 h5 20. Bf2 Qc6 21. Bd3 d5 22. c5 Bd7 23. Bd4 Bf8 24. Rg1 Bf5 25. Bxf5+ gxf5 26. Qd3 Qg6 27. c6 f4 28. cxb7+ Kxb7 29. Qc3 Qc6 30. Kb2 Qxc3+ 31. Bxc3 c5 32. Rge1 Kc6 33. Ba5 Rb8 34. Rxe8 Rxe8 35. Re1 Rxe1 36. Bxe1 d4 37. c4 dxc3+ 38. Kxc3 Kd5 39. Kd3 Bd6 40. Bd2 Bc7 41. Bc1 1/2-1/2

[Event "Chigorin Memorial 2018"]
[Site "St. Petersburg"]
[Date "2018.11.03"]
[Round "8.7"]
[White "Anisimov, Pavel"]
[Black "Khismatullin, Denis"]
[Result "1/2-1/2"]
[WhiteElo "2521"]
[BlackElo "2617"]
[Annotator "TA"]
[PlyCount "116"]
[EventDate "2018.10.27"]
[EventType "swiss"]
[EventCountry "RUS"]
[WhiteTeam "Russland"]
[BlackTeam "Russland"]
[WhiteTeamCountry "RUS"]
[BlackTeamCountry "RUS"]

1. e4 c5 2. Nf3 d6 3. d4 cxd4 4. Nxd4 Nf6 5. Nc3 a6 6. Be2 Nbd7 7. Be3 g6 8. Qd2 Bg7 9. f3 h5 10. Nd5 O-O 11. c4 e6 12. Nxf6+ Qxf6 13. Rd1 d5 14. O-O e5 15. Nc2 d4 16. Bf2 Nc5 17. Nb4 Be6 18. Nd5 Bxd5 19. exd5 Qd6 20. Qc2 a5 21. f4 Rae8 22. fxe5 Bxe5 23. g3 h4 24. Kg2 f5 25. gxh4 Bxh2 26. Rxd4 Ne4 27. Rd3 Nxf2 28. Rxf2 b6 29. Rh3 Bf4 30. Bd3 Re1 31. Rhf3 Be3 32. Rf1 Rxf1 33. Kxf1 Bd4 34. h5 gxh5 35. Bxf5 Kh8 36. Qd2 Bg7 37. Qg5 Bh6 38. Qxh5 Rf6 39. Qe8+ Rf8 40. Qh5 Rf6 41. Be4 Rxf3+ 42. Bxf3 Kg7 43. Qf5 Bf4 44. Be4 Qf6 45. Qg4+ Kf8 46. Qc8+ Kg7 47. Qd7+ Kf8 48. Bf5 Bd6 49. Qe6 Kg7 50. a3 Bc5 51. Qd7+ Kh6 52. Qe6 Kg5 53. Qxf6+ Kxf6 54. Bc2 Ke5 55. Ke2 Bd4 56. b4 axb4 57. axb4 Bc3 58. c5 bxc5 1/2-1/2

[Event "Chigorin Memorial 2018"]
[Site "St. Petersburg"]
[Date "2018.11.03"]
[Round "8.8"]
[White "Predke, Alexandr"]
[Black "Levin, Evgeny A."]
[Result "1-0"]
[WhiteElo "2615"]
[BlackElo "2523"]
[Annotator "TA"]
[PlyCount "175"]
[EventDate "2018.10.27"]
[EventType "swiss"]
[EventCountry "RUS"]
[WhiteTeam "Russland"]
[BlackTeam "Russland"]
[WhiteTeamCountry "RUS"]
[BlackTeamCountry "RUS"]

1. e4 c6 2. d4 d5 3. Nc3 dxe4 4. Nxe4 Bf5 5. Ng3 Bg6 6. h4 h6 7. Be3 e6 8. h5 Bh7 9. Bd3 Bxd3 10. Qxd3 Qa5+ 11. Bd2 Qc7 12. O-O-O Nf6 13. Nf3 Nbd7 14. Ne4 O-O-O 15. Nxf6 Nxf6 16. Qe2 Nd7 17. g3 Bd6 18. c4 Rhe8 19. c5 Be7 20. Bf4 Qa5 21. Ne5 Rf8 22. Kb1 Qb5 23. Nc4 Nf6 24. Bd6 Kd7 25. d5 Bxd6 26. dxc6+ bxc6 27. Rxd6+ Ke7 28. Re1 Rxd6 29. cxd6+ Kd7 30. Ne5+ Kxd6 31. Qe3 Qa6 32. Nxf7+ Kc7 33. Qf4+ Kc8 34. Nd6+ Kd7 35. Nc4 Re8 36. Rd1+ Ke7 37. Qc7+ Kf8 38. Nd6 Re7 39. Qb8+ Ne8 40. Nc8 Rc7 41. Nd6 Re7 42. Nxe8 Rxe8 43. Qd6+ Kf7 44. Rd3 Kg8 45. Qd7 Kh7 46. Rd1 Qe2 47. Qd3+ Qxd3+ 48. Rxd3 Rf8 49. f3 g6 50. Rd7+ Kg8 51. f4 gxh5 52. Rxa7 h4 53. gxh4 Rxf4 54. Re7 Re4 55. h5 Kf8 56. Rc7 Rc4 57. Rh7 e5 58. Rxh6 Kf7 59. Rg6 c5 60. Rb6 Rh4 61. h6 Rh2 62. a4 e4 63. Kc1 e3 64. Kd1 Rh1+ 65. Ke2 Ra1 66. h7 Kg7 67. Rh6 Kh8 68. Kxe3 Rxa4 69. Kd3 Rg4 70. Rh5 Rg3+ 71. Kc2 Rg2+ 72. Kc3 Rg3+ 73. Kc4 Rg2 74. b3 Rc2+ 75. Kd3 Rc1 76. Kd2 Rb1 77. Kc2 Rg1 78. Rxc5 Kxh7 79. Rf5 Kg6 80. Rf3 Rg5 81. Kc3 Rf5 82. Rxf5 Kxf5 83. Kd4 Ke6 84. Kc5 Kd7 85. Kb6 Kc8 86. b4 Kb8 87. b5 Ka8 88. Kc7 1-0

[Event "Chigorin Memorial 2018"]
[Site "St. Petersburg"]
[Date "2018.11.03"]
[Round "8.9"]
[White "Khanin, Semen"]
[Black "Popov, Ivan"]
[Result "1/2-1/2"]
[WhiteElo "2510"]
[BlackElo "2611"]
[Annotator "TA"]
[PlyCount "73"]
[EventDate "2018.10.27"]
[EventType "swiss"]
[EventCountry "RUS"]
[WhiteTeam "Russland"]
[BlackTeam "Russland"]
[WhiteTeamCountry "RUS"]
[BlackTeamCountry "RUS"]

1. e4 c6 2. d4 d5 3. Nd2 dxe4 4. Nxe4 Bf5 5. Ng3 Bg6 6. h4 h6 7. Nf3 e6 8. Ne5 Bh7 9. Bd3 Bxd3 10. Qxd3 Nd7 11. Bf4 Nxe5 12. Bxe5 Qa5+ 13. c3 Nf6 14. Ne4 Nxe4 15. Qxe4 Qd5 16. Qxd5 exd5 17. h5 Kd7 18. Kd2 Re8 19. Rae1 a5 20. a4 Rg8 21. Re3 f6 22. Bf4 Bd6 23. Bxd6 Rxe3 24. Kxe3 Kxd6 25. Kd2 Re8 26. Rh3 Re7 27. Re3 Rxe3 28. Kxe3 Ke6 29. Kf4 f5 30. b4 b6 31. bxa5 bxa5 32. Kg3 Kf6 33. Kf4 Ke6 34. Kg3 Kf6 35. Kf4 Ke6 36. Kg3 Kf6 37. Kf4 1/2-1/2

[Event "Chigorin Memorial 2018"]
[Site "St. Petersburg"]
[Date "2018.11.03"]
[Round "8.11"]
[White "Nikitenko, Mihail"]
[Black "Gareyev, Timur"]
[Result "0-1"]
[WhiteElo "2389"]
[BlackElo "2584"]
[Annotator "TA"]
[PlyCount "78"]
[EventDate "2018.10.27"]
[EventType "swiss"]
[EventCountry "RUS"]
[WhiteTeam "Weißrussland"]
[BlackTeam "Vereinigte Staaten"]
[WhiteTeamCountry "BLR"]
[BlackTeamCountry "USA"]

1. c4 g6 2. g3 Bg7 3. Bg2 c5 4. Nc3 Nc6 5. Nf3 d6 6. d3 Nh6 7. h4 Bg4 8. Ng5 f6 9. Nge4 Nf7 10. h5 g5 11. f4 gxf4 12. gxf4 Rg8 13. Nf2 Bd7 14. e3 f5 15. Bf3 Bxc3+ 16. bxc3 Qa5 17. Bd2 O-O-O 18. Qb3 Rg3 19. Ke2 Rdg8 20. a4 Nfd8 21. Nh3 Qc7 22. Qa2 Na5 23. d4 e5 24. Bd5 Be6 25. dxe5 dxe5 26. Be1 Rg2+ 27. Bf2 e4 28. Kf1 h6 29. Rb1 R2g4 30. Ng1 b6 31. Ne2 Qg7 32. Rd1 Rg2 33. Rh4 Kb8 34. Bxe6 Nxe6 35. Qd2 Nxc4 36. Qd5 Rxf2+ 37. Kxf2 Qg2+ 38. Ke1 Nxe3 39. Qd6+ Nc7 0-1

[Event "Chigorin Memorial 2018"]
[Site "St. Petersburg"]
[Date "2018.11.04"]
[Round "9"]
[White "Maghsoodloo, Parham"]
[Black "Anisimov, Pavel"]
[Result "1-0"]
[WhiteElo "2685"]
[BlackElo "2521"]
[Annotator "TA"]
[PlyCount "100"]
[EventDate "2018.10.27"]
[EventType "swiss"]
[EventCountry "RUS"]
[SourceTitle "playchess.com"]
[Source "ChessBase"]
[SourceQuality "1"]

1. Nf3 Nf6 2. g3 g6 3. b3 Bg7 4. Bb2 O-O 5. Bg2 d5 6. c4 dxc4 7. bxc4 c5 8. O-O Nc6 9. Ne5 Na5 10. Qc2 Nd7 11. Nxd7 Bxb2 12. Qxb2 Bxd7 13. d3 Rb8 14. Nc3 Nc6 15. f4 f6 16. h3 Nd4 17. g4 Bc6 18. e3 Bxg2 19. Kxg2 Nc6 20. Rad1 Qd7 21. Kg3 b6 22. h4 Rbd8 23. g5 Qe6 24. Qe2 Rf7 25. a3 h5 26. gxf6 exf6 27. Kh2 f5 28. Rg1 Kh7 29. Rg5 Rg7 30. Rdg1 Ne7 31. R1g3 Ng8 32. Nd5 Nh6 33. Qxh5 gxh5 34. Rxg7+ Kh8 35. R7g6 Rd6 36. Rxe6 Rxe6 37. Kg2 Ng4 38. Kf3 Nh2+ 39. Ke2 Ng4 40. Rg2 Kg7 41. Kf3 Kf7 42. e4 Rd6 43. a4 Ke6 44. Rb2 Rc6 45. a5 bxa5 46. Rb7 fxe4+ 47. dxe4 Rc8 48. Re7+ Kd6 49. e5+ Kc6 50. Rxa7 Rf8 1-0

[Event "Chigorin Memorial 2018"]
[Site "St. Petersburg"]
[Date "2018.11.04"]
[Round "9"]
[White "Khismatullin, Denis"]
[Black "Khanin, Semen"]
[Result "1-0"]
[WhiteElo "2617"]
[BlackElo "2510"]
[Annotator "TA"]
[PlyCount "59"]
[EventDate "2018.10.27"]
[EventType "swiss"]
[EventCountry "RUS"]
[SourceTitle "playchess.com"]
[Source "ChessBase"]
[SourceQuality "1"]

1. c4 e5 2. Nc3 Nf6 3. g3 c6 4. Nf3 e4 5. Nd4 Qb6 6. Nb3 a5 7. d3 Bb4 8. Bg2 exd3 9. O-O a4 10. Be3 Qa6 11. Nc5 Qxc4 12. exd3 Qg4 13. N3xa4 Qxd1 14. Rfxd1 Ng4 15. Bf4 d6 16. Nb6 Bxc5 17. Nxa8 Bxf2+ 18. Kf1 Bd4 19. Re1+ Kd8 20. Re4 Bxb2 21. Rb1 Be5 22. Bd2 d5 23. Re2 Bf5 24. Ba5+ Ke7 25. Rxb7+ Nd7 26. Nb6 Rd8 27. d4 Bd3 28. dxe5 Ngxe5 29. Bh3 f5 30. Bxf5 1-0

[Event "Chigorin Memorial 2018"]
[Site "St. Petersburg"]
[Date "2018.11.04"]
[Round "9"]
[White "Popov, Ivan"]
[Black "Ter-Sahakyan, Samvel"]
[Result "1/2-1/2"]
[WhiteElo "2611"]
[BlackElo "2547"]
[Annotator "TA"]
[PlyCount "40"]
[EventDate "2018.10.27"]
[EventType "swiss"]
[EventCountry "RUS"]
[SourceTitle "playchess.com"]
[Source "ChessBase"]
[SourceQuality "1"]

1. e4 e5 2. Nf3 Nf6 3. Nxe5 d6 4. Nf3 Nxe4 5. Nc3 Nxc3 6. dxc3 Be7 7. Be3 O-O 8. Qd2 Nd7 9. O-O-O c6 10. h4 d5 11. h5 h6 12. Kb1 Re8 13. Be2 Nf6 14. Nd4 Ne4 15. Qe1 Bg5 16. f4 Bf6 17. Bf3 Nd6 18. Qf2 Ne4 19. Qe1 Nd6 20. Qf2 Ne4 1/2-1/2

[Event "Chigorin Memorial 2018"]
[Site "St. Petersburg"]
[Date "2018.11.04"]
[Round "9"]
[White "Goganov, Aleksey"]
[Black "Predke, Alexandr"]
[Result "1/2-1/2"]
[WhiteElo "2592"]
[BlackElo "2615"]
[Annotator "TA"]
[PlyCount "86"]
[EventDate "2018.10.27"]
[EventType "swiss"]
[EventCountry "RUS"]
[SourceTitle "playchess.com"]
[Source "ChessBase"]
[SourceQuality "1"]

1. e4 e5 2. Nf3 Nc6 3. Bc4 Bc5 4. O-O Nf6 5. d3 a6 6. Nbd2 d6 7. c3 Ba7 8. Bb3 O-O 9. h3 Re8 10. Re1 Be6 11. Nf1 Bxb3 12. Qxb3 Rb8 13. Ng3 h6 14. Be3 Bxe3 15. Rxe3 d5 16. Rd1 dxe4 17. dxe4 Qe7 18. Nh4 Qe6 19. Qxe6 Rxe6 20. Nhf5 h5 21. Re2 g6 22. Ne3 h4 23. Ngf1 Nxe4 24. Nd5 Nf6 25. Nxc7 Re7 26. Nd5 Nxd5 27. Rxd5 e4 28. Ne3 Kg7 29. Nc4 f5 30. Red2 Rf8 31. a4 Rc8 32. Kf1 Rcc7 33. b3 Na7 34. Rc2 b5 35. Nb6 Re6 36. a5 Nc6 37. Rc5 Re5 38. Rxe5 Nxe5 39. Nd5 Rd7 40. Nb4 Rd6 41. Ke1 Nd7 42. c4 bxc4 43. Rxc4 Ne5 1/2-1/2

[Event "Chigorin Memorial 2018"]
[Site "St. Petersburg"]
[Date "2018.11.04"]
[Round "9"]
[White "Gareyev, Timur"]
[Black "Idani, Pouya"]
[Result "0-1"]
[WhiteElo "2584"]
[BlackElo "2588"]
[Annotator "TA"]
[PlyCount "118"]
[EventDate "2018.10.27"]
[EventType "swiss"]
[EventCountry "RUS"]
[SourceTitle "playchess.com"]
[Source "ChessBase"]
[SourceQuality "1"]

1. d4 Nf6 2. c4 e6 3. Nf3 d5 4. Nc3 a6 5. cxd5 exd5 6. Bg5 Be6 7. e3 Nbd7 8. Bd3 Bd6 9. Bh4 h6 10. Bg3 Bxg3 11. hxg3 Qe7 12. Qc2 O-O 13. O-O Rfe8 14. Rfc1 c6 15. Rab1 Bg4 16. b4 b5 17. a4 Ne4 18. Nh2 Bf5 19. Bxe4 dxe4 20. g4 Bg6 21. Ne2 Rac8 22. axb5 axb5 23. Nf4 Bh7 24. Qb3 Kh8 25. Ra1 Nb6 26. Ra6 Qb7 27. Rca1 Na4 28. Ra5 Bg8 29. Qc2 Qe7 30. Rb1 Qd7 31. Rc1 f6 32. Ra6 Bd5 33. Qe2 Ra8 34. Rxa8 Rxa8 35. Nf1 Nb6 36. Ng3 Nc4 37. Nfh5 Be6 38. Qc2 Bxg4 39. Qxe4 f5 40. Qc2 Qf7 41. Nf4 g5 42. Nd3 f4 43. exf4 gxf4 44. Ne4 Bf5 45. Ne5 Qd5 46. Re1 Ne3 47. fxe3 Bxe4 48. Qf2 Rg8 49. Qxf4 Rxg2+ 50. Kf1 Kh7 51. Re2 Rg5 52. Rf2 Bf5 53. Qf3 Qb3 54. Rg2 Qb1+ 55. Kf2 Qc2+ 56. Kg1 Rxg2+ 57. Qxg2 Qc1+ 58. Kh2 Qxe3 59. Qxc6 Qf4+ 0-1

[Event "Chigorin Memorial 2018"]
[Site "St. Petersburg"]
[Date "2018.11.04"]
[Round "9"]
[White "Ivanisevic, Ivan"]
[Black "Drygalov, Andrey"]
[Result "1-0"]
[WhiteElo "2583"]
[BlackElo "2497"]
[Annotator "TA"]
[PlyCount "83"]
[EventDate "2018.10.27"]
[EventType "swiss"]
[EventCountry "RUS"]
[SourceTitle "playchess.com"]
[Source "ChessBase"]
[SourceQuality "1"]

1. c4 Nf6 2. Nc3 e5 3. e3 Nc6 4. a3 g6 5. b4 Bg7 6. Bb2 O-O 7. Nge2 d5 8. cxd5 Nxd5 9. Nxd5 Qxd5 10. Nc3 Qd8 11. d3 a5 12. b5 Na7 13. Be2 Bd7 14. a4 c6 15. bxc6 Bxc6 16. O-O f5 17. Re1 Kh8 18. Rb1 Rf7 19. Bf1 Rd7 20. e4 f4 21. Ba1 b6 22. Qg4 Rd6 23. g3 g5 24. Rec1 Rb8 25. Qe2 Rb7 26. Bh3 Rxd3 27. Nd5 Rxd5 28. exd5 Qxd5 29. Rxc6 Qxc6 30. Bxe5 Qc5 31. Qe4 Nc6 32. Bxg7+ Rxg7 33. Rb5 Qc1+ 34. Bf1 fxg3 35. hxg3 Qc3 36. Rf5 Ne7 37. Rf8+ Ng8 38. Bc4 g4 39. Kg2 Rg6 40. Qd5 Qg7 41. Rxg8+ Qxg8 42. Qd4+ 1-0

[Event "Chigorin Memorial 2018"]
[Site "St. Petersburg"]
[Date "2018.11.04"]
[Round "9"]
[White "Vorobiov, Evgeny E."]
[Black "Gagare, Shardul"]
[Result "1/2-1/2"]
[WhiteElo "2557"]
[BlackElo "2501"]
[Annotator "TA"]
[PlyCount "80"]
[EventDate "2018.10.27"]
[EventType "swiss"]
[EventCountry "RUS"]
[SourceTitle "playchess.com"]
[Source "ChessBase"]
[SourceQuality "1"]

1. d4 d5 2. c4 c6 3. Nc3 Nf6 4. e3 e6 5. Bd3 Nbd7 6. b3 Bd6 7. f4 Bb4 8. Bd2 Bxc3 9. Bxc3 Ne4 10. Bxe4 dxe4 11. Nh3 Qh4+ 12. Nf2 f5 13. g3 Qe7 14. Qh5+ Qf7 15. Qxf7+ Kxf7 16. g4 b5 17. cxb5 cxb5 18. Ba5 Bb7 19. Kd2 Nf6 20. Rhc1 Rhc8 21. gxf5 exf5 22. Nd1 Nd5 23. Nc3 Nxc3 24. Rxc3 Rxc3 25. Kxc3 Rc8+ 26. Kd2 Rc6 27. Rc1 Rxc1 28. Kxc1 Kg6 29. Kd2 Kh5 30. Ke2 Kg4 31. Kf2 Kh3 32. Kg1 Bd5 33. Bb4 g6 34. Bc5 a6 35. Bf8 h5 36. Be7 Be6 37. Bd8 Bd5 38. Be7 Be6 39. Bd8 Bd5 40. Be7 Be6 1/2-1/2

[Event "Chigorin Memorial 2018"]
[Site "St. Petersburg"]
[Date "2018.11.04"]
[Round "9"]
[White "Tsydypov, Zhamsaran"]
[Black "Smirnov, Artem"]
[Result "1-0"]
[WhiteElo "2530"]
[BlackElo "2405"]
[Annotator "TA"]
[PlyCount "75"]
[EventDate "2018.10.27"]
[EventType "swiss"]
[EventCountry "RUS"]
[SourceTitle "playchess.com"]
[Source "ChessBase"]
[SourceQuality "1"]

1. e4 c5 2. Nf3 Nc6 3. Bb5 g6 4. O-O Bg7 5. Bxc6 dxc6 6. c3 Nf6 7. Re1 O-O 8. h3 e5 9. d3 Re8 10. Na3 b6 11. Nc4 Nh5 12. a4 Qc7 13. g4 Nf4 14. Bxf4 exf4 15. e5 Be6 16. Nd6 Re7 17. d4 cxd4 18. cxd4 Bd5 19. Ne4 h6 20. Qd2 f5 21. exf6 Rxe4 22. fxg7 Rxe1+ 23. Nxe1 Qxg7 24. Qxf4 Re8 25. Nd3 Rf8 26. Qd6 Qf7 27. Re1 Bc4 28. Re7 Qf6 29. Qxf6 Rxf6 30. Ne5 Bd5 31. Rxa7 g5 32. Rc7 Rd6 33. b4 Bb3 34. Rxc6 Rxd4 35. Rxb6 Rd1+ 36. Kg2 Bd5+ 37. f3 Rd2+ 38. Kf1 1-0

[Event "Chigorin Memorial 2018"]
[Site "St. Petersburg"]
[Date "2018.11.04"]
[Round "9"]
[White "Vokhidov, Shamsiddin"]
[Black "Volkov, Sergey"]
[Result "1/2-1/2"]
[WhiteElo "2446"]
[BlackElo "2568"]
[Annotator "TA"]
[PlyCount "83"]
[EventDate "2018.10.27"]
[EventType "swiss"]
[EventCountry "RUS"]
[SourceTitle "playchess.com"]
[Source "ChessBase"]
[SourceQuality "1"]

1. e4 e6 2. d4 d5 3. Nd2 Nf6 4. e5 Nfd7 5. Bd3 c5 6. c3 Nc6 7. Ne2 cxd4 8. cxd4 f6 9. exf6 Nxf6 10. O-O Bd6 11. Nf3 O-O 12. Bf4 Bxf4 13. Nxf4 Ng4 14. Qd2 Qf6 15. Nh5 Qh6 16. Qxh6 Nxh6 17. Rac1 g6 18. Ng3 a6 19. Rfe1 Bd7 20. a3 Nf7 21. Nf1 Kg7 22. Ne3 h5 23. h4 Rad8 24. Rc5 Rfe8 25. Nc2 Rc8 26. Kf1 Kf6 27. Nb4 b6 28. Rcc1 Nxb4 29. axb4 Bb5 30. Ke2 e5 31. Bxb5 axb5 32. dxe5+ Nxe5 33. Rxc8 Rxc8 34. Nxe5 Kxe5 35. Kd3+ Kd6 36. g3 Rc4 37. b3 Rxb4 38. Kc3 Rg4 39. Re8 Kd7 40. Rb8 Kc7 41. Re8 Kd7 42. Rb8 1/2-1/2

[Event "Chigorin Memorial 2018"]
[Site "St. Petersburg"]
[Date "2018.11.04"]
[Round "9"]
[White "Kazakovskiy, Valeriy"]
[Black "Alekseenko, Kirill"]
[Result "0-1"]
[WhiteElo "2405"]
[BlackElo "2639"]
[Annotator "TA"]
[PlyCount "46"]
[EventDate "2018.10.27"]
[EventType "swiss"]
[EventCountry "RUS"]
[SourceTitle "playchess.com"]
[Source "ChessBase"]
[SourceQuality "1"]

1. d4 Nf6 2. Nf3 g6 3. c4 Bg7 4. g3 c5 5. Bg2 Qa5+ 6. Bd2 Qb6 7. dxc5 Qxc5 8. Qb3 Ne4 9. Be3 Qa5+ 10. Nbd2 Nc6 11. O-O Nd6 12. c5 Nf5 13. Ng5 O-O 14. Nc4 Qa6 15. Rac1 h6 16. Nf3 d5 17. cxd6 exd6 18. Bd2 d5 19. Qa3 dxc4 20. Qxa6 bxa6 21. Nh4 Nfe7 22. Bb4 Nxb4 23. Bxa8 Be6 0-1